ბათუმის შოთა რუსთაველის სახელმწიფო უნივერსიტეტის ბიბლიოთეკა

Геометрия в 2-х частях. ч.1 (ბიბ.ჩანაწერი № 38708)

000 -LEADER
fixed length control field 00624nam a2200205Ia 4500
001 - CONTROL NUMBER
control field 4978
003 - CONTROL NUMBER IDENTIFIER
control field GE_BSU
008 - FIXED-LENGTH DATA ELEMENTS--GENERAL INFORMATION
fixed length control field 181216s||||||||xx |||||||||||||| ||und||
040 ## - CATALOGING SOURCE
Transcribing agency GE_BSU
080 ## - UNIVERSAL DECIMAL CLASSIFICATION NUMBER
Universal Decimal Classification number 514(075.8)
100 ## - MAIN ENTRY--PERSONAL NAME
Personal name Атанасян Л.С. Базылев В.Т.
245 ## - TITLE STATEMENT
Title Геометрия в 2-х частях. ч.1
245 ## - TITLE STATEMENT
Remainder of title Учеб. пособие для студ. физ-мат. фак-ов пед. ин-тов.
260 ## - PUBLICATION, DISTRIBUTION, ETC.
Place of publication, distribution, etc. Москва
260 ## - PUBLICATION, DISTRIBUTION, ETC.
Name of publisher, distributor, etc. Просвещение
260 ## - PUBLICATION, DISTRIBUTION, ETC.
Date of publication, distribution, etc. 1986
300 ## - PHYSICAL DESCRIPTION
Extent 335 с. 22 см.
653 ## - INDEX TERM--UNCONTROLLED
Uncontrolled term Геометрия в 2-х частях.
942 ## - ADDED ENTRY ELEMENTS (KOHA)
Koha item type წიგნი
ეგზემპლარები
Withdrawn status Lost status Damaged status Not for loan Date acquired Barcode Date last seen Price effective from Koha item type
        2018-12-17 15584 2018-12-17 2018-12-17 წიგნი
        2018-12-17 17725 2018-12-17 2018-12-17 წიგნი
        2018-12-17 15392 2018-12-17 2018-12-17 წიგნი